Score 0/50 Timer 08:00
37 Plays Today
% Correct
Phoebe
85%
Joey
82.7%
Carol
82.2%
Susan
81.1%
Janice
80.4%
Emily
80.2%
Ross
80%
Barry
77.8%
Chandler
77.7%
Mr. Heckles
75.7%
Monica
75.3%
David
75%
Rachel
73.3%
Judy
73.1%
Ursula
72.3%
Pete
70.6%
Tag
70.2%
Fun Bobby
69.7%
Gunther
68.6%
Jack
68.2%
Charlie
67.5%
Ugly Naked Guy
67.5%
Mr. Zelner
65.1%
Bonnie
64.8%
Ben
64.8%
% Correct
Joanna
64.7%
Mr. Treeger
63.1%
Estelle
61.8%
Mona
61.4%
Mark
61.4%
Mindy
60.9%
Elizabeth
60.8%
Julie
59.9%
Emma
59.9%
Richard
59.8%
Kathy
57.7%
Marcel
54.7%
Erica
54.6%
Eddie
54.4%
Gary
53.7%
Frank Jr.
53.6%
Paolo
53.3%
Alice
52.5%
Janine
52.1%
Nora
49.1%
Amy
48.3%
Mike
48%
Paul
44.8%
Jill
44.6%
Leonard
42.2%

You're not logged in!

Compare scores with friends on all Sporcle quizzes.
OR
Log In

From the Vault

Most Visited Cities of Asia

by mselby

Bishkek certainly won't help you here.
Remove Ads.
Support Sporcle.
Get the best of Sporcle when you Go Orange. This ad-free experience offers more features, more stats, and more fun while also helping to support Sporcle. Thank you for becoming a member.

Show Comments

Extras

Top Quizzes Today


Score Distribution

Your Account Isn't Verified!

In order to create a playlist on Sporcle, you need to verify the email address you used during registration. Go to your Sporcle Settings to finish the process.

Report this User

Report this user for behavior that violates our Community Guidelines.

Details: